| 000 | 01050nas a2200337 4500 | ||
|---|---|---|---|
| 001 | BR2017003096 | ||
| 003 | BR-BrBNA | ||
| 005 | 20231205131139.0 | ||
| 007 | ta | ||
| 008 | 230509b bl.|||p| |||| 00| 00por d | ||
| 040 |
_aBR-BrBNA _bpor _cBiblioteca Nacional de Agricultura |
||
| 041 | _a(En) | ||
| 072 | _aF30; H20 | ||
| 100 | 1 | _aMaciel, K.W. | |
| 100 | 1 | _aDestefano, S.A.L. | |
| 100 | 1 | _aBeriam, L.O.S. | |
| 100 | 1 | _aAlmeida, I.M.G. de | |
| 100 | 1 | _aPatricio, F.R. | |
| 100 | 1 | _aRodrigues, L.M>R. | |
| 100 | 1 | _aGuerreiro FIlho, O. | |
| 245 | 1 | _aBacterial halo blight of coffee crop: aggressiveness and genetic diversity of strains | |
| 650 | _aCAFÉ | ||
| 650 | _aMUDA | ||
| 650 | _aDOENÇA DE PLANTA | ||
| 650 | _aGENÉTICA VEGETAL | ||
| 650 | _aDEFESA VEGETAL | ||
| 773 | 0 |
_tBragantia (Brazil) _xISSN 1678-4499 _g(Jan-Mar 2018), v. 77(1) p. 96-106 _wBR2017003096 |
|
| 856 | 4 | 0 | _uhttp://www.scielo.br/pdf/brag/v77n1/0006-8705-brag-1678-44992016267.pdf |
| 909 |
_a202311 _bLúcia _c55 _dLúcia Elande |
||
| 942 |
_2AGRIS _n0 _cANA |
||
| 999 |
_c253253 _d253253 |
||